Les trois premières années de l'enfant / (Record no. 161764)

MARC details
000 -LEADER
campo de control de longitud fija 00618nam a22001815i 4500
001 - NÚMERO DE CONTROL
campo de control 161764
003 - IDENTIFICADOR DE NÚMERO DE CONTROL
campo de control ES-MaACL
005 - FECHA Y HORA DE LA ÚLTIMA TRANSACCIÓN
campo de control 20230906212344.0
008 - DATOS DE LONGITUD FIJA--INFORMACIÓN GENERAL
campo de control de longitud fija 041022s1878 fr |||| | fre d
040 ## - FUENTE DE CATALOGACIÓN
Centro catalogador/agencia de origen CAM
Lengua de catalogación spa
Centro/agencia transcriptor CAM
100 1# - ENTRADA PRINCIPAL--NOMBRE DE PERSONA
Nombre de persona Pérez, Bernard.
9 (RLIN) 90560
245 14 - MENCIÓN DEL TÍTULO
Título Les trois premières années de l'enfant /
Mención de responsabilidad, etc. par Bernard Pérez.
260 ## - PUBLICACIÓN, DISTRIBUCIÓN, ETC.
Lugar de publicación, distribución, etc. Paris :
Nombre del editor, distribuidor, etc. Libraire Germer Baillière,
Fecha de publicación, distribución, etc. 1878 (
Fabricante Imp. A. Derenne)
300 ## - DESCRIPCIÓN FÍSICA
Extensión XIV, 294 p. ;
Dimensiones 17 cm.
594 ## - Nota al título y mención de responsabilidad
Nota al título y mención de responsabilidad Precede al tit.: "Étude de Psychologie Expérimentale"
650 #4 - PUNTO DE ACCESO ADICIONAL DE MATERIA--TÉRMINO DE MATERIA
Término de materia o nombre geográfico como elemento de entrada Niños-
Subdivisión general Psicología.
9 (RLIN) 15554
852 ## - LOCALIZACIÓN
Ubicación ES-MaACL
Número de control de estantería F-11491
Nota libre -- Enc. hol.
Holdings
Estatus retirado Estado de pérdida Estado de daño No para préstamo Colección Biblioteca de origen Biblioteca actual Ubicación en estantería Fecha de adquisición Fuente de adquisición Total de préstamos Signatura topográfica completa Código de barras Visto por última vez Precio de reemplazo Tipo de ítem Koha
        Libros del s. XIX Biblioteca del Ateneo de Madrid Biblioteca del Ateneo de Madrid Sala Pecera Planta 2 17/01/2008     F-11491 1169448 23/02/2023 23/02/2023 Libro impreso antiguo